| 000 | 01505nam a2200361Ia 4500 | ||
|---|---|---|---|
| 001 | ebr10060524 | ||
| 003 | CaPaEBR | ||
| 006 | m u | ||
| 007 | cr cn||||||||| | ||
| 008 | 040630s2004 dcu gsb 000 0 eng d | ||
| 020 | _z0821358987 | ||
| 040 |
_aCaPaEBR _cCaPaEBR |
||
| 035 | _a(OCoLC)56052251 | ||
| 050 | 1 | 4 |
_aHN670.24.A8 _bK83 2004eb |
| 100 | 1 | _aKuehnast, Kathleen R. | |
| 245 | 1 | 0 |
_aBetter a hundred friends than a hundred rubles? _h[electronic resource] : _bsocial networks in transition--the Kyrgyz Republic / _cKathleen Kuehnast, Nora Dudwick. |
| 246 | 3 | 0 | _aSocial networks in transition--the Kyrgyz Republic |
| 260 |
_aWashington, DC : _bWorld Bank, _c2004. |
||
| 300 | _avii, 71 p. | ||
| 490 | 1 |
_aWorld Bank working paper ; _vno. 39 |
|
| 504 | _aIncludes bibliographical references. | ||
| 533 |
_aElectronic reproduction. _bPalo Alto, Calif. : _cebrary, _d2009. _nAvailable via World Wide Web. _nAccess may be limited to ebrary affiliated libraries. |
||
| 650 | 0 |
_aSocial networks _zKyrgyzstan. |
|
| 650 | 0 |
_aSocial capital (Sociology) _zKyrgyzstan. |
|
| 650 | 0 |
_aPoverty _zKyrgyzstan. |
|
| 651 | 0 |
_aKyrgyzstan _xSocial conditions. |
|
| 651 | 0 |
_aKyrgyzstan _xEconomic conditions _y1991- |
|
| 655 | 7 |
_aElectronic books. _2local |
|
| 700 | 1 | _aDudwick, Nora. | |
| 710 | 2 | _aebrary, Inc. | |
| 830 | 0 |
_aWorld Bank working paper ; _vno. 39. |
|
| 856 | 4 | 0 |
_uhttp://site.ebrary.com/lib/rucke/Doc?id=10060524 _zAn electronic book accessible through the World Wide Web; click to view |
| 999 |
_c155255 _d155255 |
||